LIFE AMONG THE MAYA (Record no. 4150)
[ view plain ]
| 000 -LEADER | |
|---|---|
| fixed length control field | 00292nam a22001097a 4500 |
| 008 - FIXED-LENGTH DATA ELEMENTS--GENERAL INFORMATION | |
| fixed length control field | 250122b ||||| |||| 00| 0 eng d |
| 020 ## - INTERNATIONAL STANDARD BOOK NUMBER | |
| International Standard Book Number | 9781508149880 |
| 082 ## - DEWEY DECIMAL CLASSIFICATION NUMBER | |
| Classification number | 972 MAH |
| 100 ## - MAIN ENTRY--PERSONAL NAME | |
| Personal name | IAN MAHANEY |
| Relator term | MAHANEY,IAN |
| 245 ## - TITLE STATEMENT | |
| Title | LIFE AMONG THE MAYA |
| 942 ## - ADDED ENTRY ELEMENTS (KOHA) | |
| Source of classification or shelving scheme | |
| Classification part | 972 MAH |
| Withdrawn status | Lost status | Source of classification or shelving scheme | Damaged status | Not for loan | Collection code | Permanent Location | Current Location | Shelving location | Date acquired | Total Checkouts | Full call number | Barcode | Date last seen | Date last checked out | Price effective from | Koha item type | Public note |
|---|---|---|---|---|---|---|---|---|---|---|---|---|---|---|---|---|---|
| Non-Fiction | KH8 Primary School Library | KH8 Primary School Library | Non Fiction | 2025-05-14 | 1 | 972 MAH | 3KHPL000002401 | 2025-12-05 | 2025-05-14 | 2025-05-14 | Books - Non Ficton | KH8 PRIMARY LIBRARY |